000
00310nam a2200121 a 4500
005
20140414131903.0
008
100922s19uu xx 00 eng d
050
_a
FIC
_b
K84 1993
100
_a
Korman, Gordon
245
_a
The toilet paper tigers.
260
_a
New York :
_b
Scholastic,
_c
1993.
999
_c
110785
_d
110785